000 00999nam a2200277Ia 4500
003 OSt
005 20221005105953.0
006 a|||||r|||| 00| 0
007 ta
008 KON
020 _a8172010842 (hbk)
_c350
024 _a92427
037 _b536, 19/03/2009, Vani Prakashan
_cTextual
040 _aCRL
_cCRL
_bKON
041 _2KON
_aKON
082 _aO15591,3N44,KA, 152N1
100 _aमावजो, दामोदर
245 0 _aकार्मेलीन
246 _aKārmelīna
260 _aनई दिल्ली
_bसाहित्य अकादेमी भारत
_c1991
300 _a204पृ0
_ccm.
650 _aकोंकणी साहित्य
700 _a शेजवलकर, नारायण, अनु.
942 _hO15591,3N44,KA, 152N1
_cTEXL
_2cc
999 _c1017380
_d1017380